LEADER 00643naa a2200145 i 4500 001 000000302587 003 CaOOAMICUS 005 20180831172744.0 008 180831n xx u000 u und u 013 $a10321 040 $aSeMil$bita 100 1 $aRendtorff, Rolf <1925-2014>.$0(OLS)http://semarc/name/299 245 10$aJesaja 6 im Rahmen der Komposition des Jesajabuches. 773 0 $aVermeylen, Jacques <1942-2014>$tBook of Isaiah.$dLeuven : University Press, 1989.$kBibliotheca Ephemeridum Theologicarum Lovaniensium$z90-6186-304-X$z90-6831-164-6$w()36418 996 $6245$aJesaja 6 im Rahmen der Komposition des Jesajabuches$9(OLS)http://semarc/title/378557 LEADER 00940nam a2200241 i 4500 001 000000053592 003 CaOOAMICUS 005 20091002000000.0 008 091002s1996 it u000 u ita u 013 $a24764 040 $aSeMil$bita 245 10$aAsia, nuova frontiera del Vangelo. 260 $aRoma :$bPontificie Opere Missionarie,$cstampa 1996. 300 $a129 p. ;$c20 cm. 490 0 $aDocumenti ;$v3 650 4$aChiesa cattolica - Asia.$0(OLS)http://semarc/subject/10533 650 4$aSinodo dei Vescovi.$0(OLS)http://semarc/subject/8109 830 0$aDocumenti ;$v3.$0(OLS)http://semarc/title/424905 850 $aSeMil 852 $aSeMil$W1$xVenegono$y1$m3E I 314$j19746$B19746$CSeMilBibl$Z2$F19748 $81 961 $aOmaggio: Delpini mons. Mario 996 $6245$aAsia, nuova frontiera del Vangelo$9(OLS)http://semarc/title/82599 996 $6260$aRoma :$bPontificie Opere Missionarie$9(OLS)http://semarc/publisher/35652